书目信息 |
| 题名: |
心是透明的
|
|
| 作者: | 胡元斌 编著 | |
| 分册: | ||
| 出版信息: | 北京 中国商业出版社 2020 |
|
| 页数: | 232页 | |
| 开本: | 23cm | |
| 丛书名: | ||
| 单 册: | ||
| 中图分类: | B821-49 | |
| 科图分类: | ||
| 主题词: | 人生哲学--ren sheng zhe xue--通俗读物 | |
| 电子资源: | ||
| ISBN: | 978-7-5208-0825-5 | |
| 000 | 00765nam0 2200229 450 | |
| 001 | 2159538492 | |
| 005 | 20211011172912.0 | |
| 010 | @a978-7-5208-0825-5@dCNY56.00 | |
| 100 | @a20200713d2020 em y0chiy0120 ea | |
| 101 | 0 | @achi |
| 102 | @aCN@b110000 | |
| 105 | @ay z 000yy | |
| 106 | @ar | |
| 200 | 1 | @a心是透明的@Axin shi tou ming de@f胡元斌编著 |
| 210 | @a北京@c中国商业出版社@d2020 | |
| 215 | @a232页@d23cm | |
| 330 | @a本书包括生活模式的心理认知、健康情绪的心理调适、家庭亲情的心理呵护、恋爱情感的心理自制、友谊情感的心理感知、人生成功的心理铸造等内容。 | |
| 606 | 0 | @a人生哲学@Aren sheng zhe xue@j通俗读物 |
| 690 | @aB821-49@v5 | |
| 701 | 0 | @a胡元斌@Ahu yuan bin@f(1963.1-)@4编著 |
| 801 | 0 | @aCN@b百万庄@c20211009 |
| 905 | @b1308396-99@dB821@e1752@f4 | |
| 心是透明的/胡元斌编著.-北京:中国商业出版社,2020 |
| 232页;23cm |
| ISBN 978-7-5208-0825-5:CNY56.00 |
| 本书包括生活模式的心理认知、健康情绪的心理调适、家庭亲情的心理呵护、恋爱情感的心理自制、友谊情感的心理感知、人生成功的心理铸造等内容。 |
| ● |
| 相关链接 |
|
|
|
|
正题名:心是透明的
索取号:B821/1752
 
预约/预借
| 序号 | 登录号 | 条形码 | 馆藏地/架位号 | 状态 | 备注 |
| 1 | 1247215 | 212472153 | 第一样本阅览室/ [索取号:B821/1752] | 在馆 | |
| 2 | 1247216 | 212472162 | 教育系资料室/ [索取号:B821/1752] | 在馆 | |
| 3 | 1247217 | 212472171 | 教育系资料室/ [索取号:B821/1752] | 在馆 | |
| 4 | 1247218 | 212472180 | 第一借阅区/ [索取号:B821/1752] | 在馆 | |
| 5 | 1247219 | 212472199 | 第一借阅区/ [索取号:B821/1752] | 在馆 | |
| 6 | 1308396 | 213083964 | 第一借阅区/ [索取号:B821/1752] | 在馆 | |
| 7 | 1308397 | 213083973 | 第一借阅区/ [索取号:B821/1752] | 在馆 | |
| 8 | 1308398 | 213083982 | 第一借阅区/ [索取号:B821/1752] | 在馆 | |
| 9 | 1308399 | 213083991 | 第一借阅区/ [索取号:B821/1752] | 在馆 |